Statistiques concernant Tableau des médailles JO d'été

Cliquez ici pour prendre le quiz!

Statistiques générales

  • Ce quiz a été pris 160 fois
  • Le résultat moyen est 15 sur 20

Statistiques - réponses

totalorargentbronzeNation% Correct
26561070841745Etats-unis
100%
634262199173Chine
99%
764226258280France
99%
974285326363Allemagne
97%
497169150178Japon
96%
426149125152Russie
96%
916285316315Royaume uni
94%
398143108147Canada
92%
618217188213Italie
92%
547164173210Australie
89%
2879691100Corée du sud
76%
503148176179Suède
74%
1010395319296Union soviétique
72%
2858592108Pays bas
67%
2987289137Pologne
64%
30510185119Finlande
49%
511181154176Hongrie
46%
409153129127Allemagne de l'Est
39%
3089097121Roumanie
39%
241857185Cuba
29%

Distribution des résultats

Percentile par nombre de réponses

% des personnes avec chaque résultat

Votre développement - résultats

Vous n’avez pas pris ce quiz